000 00711nam a2200289Ia 4500
005 20260324113042.0
008 008 260324s9999 xx 000 0 eng d
020 _a9781003515647
037 _aEBOOK
040 _aCRL
040 _beng
040 _cCRL
041 _2eng
041 _aeng
084 _qCRL
100 _aJordan Fallon
_91145225
245 0 _aCulinary Man and the Kitchen Brigade
245 0 _bNormative Subjectivity in Western Fine Dining Traditions
260 _bTaylor and Francis
260 _c2024
365 _a
365 _b240
856 _uhttp://www.taylorfrancis.com/books/9781003515647
942 _cEBOOK
999 _c1734674
_d1734674